000 00324nam a22001457a 4500
008 200902b ||||| |||| 00| 0 eng d
020 _a978-9951-565-18-9
041 _aalbania
080 _a821.14'02-34
082 _a821.14'02-34
100 _a1
101 _a2
245 _aPerrallezat
_cGjevori, M
942 _2udc
_cBK
999 _c55092
_d55092